000 00786cam a22002654a 4500
008
049 _aMAIN
090 _aQL58
_bSIM
100 _aSimpson, George Gaylord.
245 0 _aQuantitative zoology /
_cGeorge Gaylord Simpson ; Anne Roe and Richard C. Lewontin.
250 _aRev. ed.
260 _aMineola, N.Y. :
_bHarcourt, Brace & World ;
_c1960.
300 _avii, 440 p. :
_bill. ;
_c22 cm.
500 _aIncludes index.
504 _aIncludes bibliographical references.
650 0 _aZoology.
650 0 _aBiomathematics.
700 _aRoe, Anne.
700 _aLewontin, Richard C.
907 _a.b10366477
_b23-11-15
_c19-11-15
003
005 20230123122159.0
040 _cNUST
942 _cBOOKS
_kQL58
_mSIM
999 _c129197
_d129197